LDR 00922nam a2200217 i 4500 001 000000113527 003 CaOOAMICUS 005 20260605123259.0 008 041105n it u000 u ita u 040 $aSeMil$bita 245 10$aRoma del Duemila /$cP. Avarello ... [et al.] ; a cura di Luigi De Rosa. 300 $aXV, 414 p., [24] c. di tav. 650 4$aRoma - Storia - Sec. 20.-21.$0(OLS)http://semarc/subject/60422 700 1 $aAvarello, Paolo.$0(OLS)http://semarc/name/47506 700 1 $aDe Rosa, Luigi,$d<1922-2004>.$0(OLS)http://semarc/name/9512 773 0 $tStoria di Roma dall'antichità a oggi.$dRoma ; Bari : Laterza & Figli, 1999-2002.$kStoria e società$w()12385 850 $aSeMil 852 $aSeMil$W1$xVenegono$y1$m3S II 115$j272975$B69211$CSeMilBibl$Z2$F88704 $81 961 $aAcquisto: Laterza (Agente) 996 $6245$aRoma del Duemila$9(OLS)http://semarc/title/165767